000 00646nam a2200217 a 4500
999 _c3716
_d3716
001 3716
003 BD-JhCC
005 20171116185747.0
008 171116s1988 b ||||| |||| 00| 0 b d
035 _a(BD-JhCC)
040 _aBD-JhCC
_dBD-JhCC
041 _aben
082 _a891.4415
_bAHS 1988
100 _aআহসান, আলী, সৈয়দ
245 _aরজনী গন্ধা /
_cসৈয়দ আলী আহসান
260 _aঢাকা :
_bএকাডেমিক পাবলিশাস,
_c১৯৮৮
300 _a77 p. :
_c22cm.
650 _aBengali Poetry
942 _2ddc
_cBK